00497nam a22001577a 4500008004100000020002200041040005500063080002000118100002500138245005900163246002900222260004400251300001100295650001700306653001600323230630b |||||||| |||| 00| 0 eng d a978-81-263-3021-8 aNational Science LibrarycNational Science Library a82-313.1PARbQ5 aParsai, Harishankar  aप्रेमचंद के फटे जूते aPremchand ke phate joote aNew Delhi: bBharatiya Jnanpith, c2015 a323p.  aShort story  aLiterature